| 000 | 00544cam a2200157 4500 | ||
|---|---|---|---|
| 001 | ABS60999 | ||
| 008 | 000000n1999 000 0 eng u | ||
| 035 | _a(Sirsi) u101553 | ||
| 100 | _aGordon, M. | ||
| 245 | _aRebuilding Kosovo. | ||
| 260 | _c1999 | ||
| 490 |
_aContract Journal _v399(6234) 14 July 1999, 14-17(4) |
||
| 520 | _aSpecial feature on rebuilding Kosovo. Considers the prospects for construction companies who get involved and outlines the aims of Kosovo Task Force. Contact details. | ||
| 690 | _aOVERSEAS-EUROPE | ||
| 942 | _n0 | ||
| 999 |
_c60685 _d60685 |
||